000 00525nam a22001817a 4500
999 _c525018
_d525018
003 NUST
038 _aFaiza
082 _a891.421
_bKAM
100 _aKamal, Tabish
_915250
245 _aSham Pai Bin Sham /
_cTabish Kamal
260 _aRawalpindi :
_bKamal Publishers,
_c2002.
300 _a128 p. ;
500 _aHardcover.
880 _6100-01\r
_aتابش کمال
880 _6245-02\r
_aشام پئی بِن شام /
880 _6260-03\r
_aراولپنڈی :
_bکمال پبلیشرز,
_c۲۰۰۲.
942 _2ddc
_cBK